• 首页
  • 本馆介绍
  • 公告通知
  • 最新文献
  • 馆藏检索
  • 电子资源
  • 读者导购
  • 参考咨询
  • 我的图书馆
  • 登录
  • 详细信息显示
  • 放入我的书架
  • 预约/预借图书
  • 作者相关作品
  • 分类相关作品
  • 丛书相关作品
  • 出版社相关作品

书目信息

  • 表格格式
  • 工作单格式
  • 卡片格式
题名:
吃出女人一生健康
    
 
作者: 顾奎琴 编著
分册:  
出版信息: 北京   新华出版社  2009
页数: 11,220页
开本: 23cm
丛书名:
单 册:
中图分类: R153.1 , TS972.164
科图分类:
主题词: 女性--饮食营养学 , 女性 , 饮食营养学 , 女性--保健--食谱 , 食谱
电子资源:
ISBN: 978-7-5011-8642-6
000 01054nam0 2200301 45
001 1050770797
005 20100420093217.46
010    @a978-7-5011-8642-6@dCNY28.00
100    @a20100408d2009 em y0chiy0120 ea
101 0  @achi
102    @aCN@b110000
105    @aa z 000yy
106    @ar
200 1  @a吃出女人一生健康@AChi Chu Nu^ Ren Yi Sheng Jian Kang@f顾奎琴编著@FGu Kui Qin Bian Zhu
210    @a北京@c新华出版社@d2009
215    @a11,220页@c图@d23cm
330    @a本书对女人一生中关系健康与美丽的几个重要时期的饮食调养作了指导,讲述了饮食保健关键点和调养方法,肾、卵巢、子宫、乳房等女性重要器官的饮食养护,女性多发病的饮食防治,睡眠、养血、雌激素等对女性健康与美有重要影响的几大因素的饮食调养方法,提供了丰富的食物调养方。
600 0  @a保健
606 0  @a女性@x饮食营养学
606 0  @a女性
606 0  @a饮食营养学
606 0  @a女性@x保健@x食谱
606 0  @a食谱
690    @aR153.1@v4
690    @aTS972.164@v4
701  0 @a顾奎琴@AGu Kui Qin@4编著
801  0 @aCN@bTANGWEI@c20100420
905    @b0590340-42@dR153.1@e90@f3
    
    吃出女人一生健康/顾奎琴编著.-北京:新华出版社,2009
    11,220页:图;23cm
    
    
    ISBN 978-7-5011-8642-6:CNY28.00
    本书对女人一生中关系健康与美丽的几个重要时期的饮食调养作了指导,讲述了饮食保健关键点和调养方法,肾、卵巢、子宫、乳房等女性重要器官的饮食养护,女性多发病的饮食防治,睡眠、养血、雌激素等对女性健康与美有重要影响的几大因素的饮食调养方法,提供了丰富的食物调养方。
●
相关链接 在E读中查询图书 在五车中查询图书 在当当中查询图书 在豆瓣中查询图书


正题名:吃出女人一生健康     索取号:R153.1/90         预约/预借

序号 登录号 条形码 馆藏地/架位号 状态 备注
1 0590340   205903405   第二样本阅览室/ [索取号:R153.1/90] 在馆    
2 0590341   205903414   第三借阅区/ [索取号:R153.1/90] 在馆    
3 0590342   205903423   第三借阅区/ [索取号:R153.1/90] 在馆    
唐山师范学院图书馆 欢迎您!
大连网信软件有限公司© 版权所有